Population - Oregon - 12 Largest Cities - Statistics

General Stats
  • This quiz has been taken 189 times
  • The average score is 8 of 12
Answer Stats
Population City Name % Correct
666,453 Portland
100%
179,522 Salem
98%
178,385 Eugene
88%
108,824 Bend
82%
99,823 Beaverton
71%
58,517 Corvallis
69%
108,100 Gresham
65%
85,289 Medford
61%
111,909 Hillsboro
59%
64,502 Springfield
45%
57,798 Albany
39%
58,100 Tigard
39%
No matching quizzes found
Score Distribution
Percent of People with Each Score
Percentile by Number Answered
Your Score History
You have not taken this quiz